000 00670nam a2200229Ia 4500
001 3298
003 GE_BSU
008 181216s||||||||xx |||||||||||||| ||und||
040 _cGE_BSU
080 _a621.01(075.8)
100 _aАртоболевский,С.И.
245 _aТеория механизмов и машин.
245 _bУчебное пособие.
245 _cнауч. ред. Б.П. Козинцев.
250 _aИзд. третье.
260 _aМ.
260 _bВысшая школа.
260 _c1967.
300 _a364стр. с илл. 22 см.
653 _aТеория механизмов и машин.
942 _cBK
999 _c37339
_d37339